header

Global politics : (Record no. 259354)

MARC details
000 -LEADER
fixed length control field 00657nam a22002057a 4500
003 - CONTROL NUMBER IDENTIFIER
control field OSt
005 - DATE AND TIME OF LATEST TRANSACTION
control field 20220923144552.0
008 - FIXED-LENGTH DATA ELEMENTS--GENERAL INFORMATION
fixed length control field 220923b xxu||||| |||| 00| 0 eng d
010 ## - LIBRARY OF CONGRESS CONTROL NUMBER
LC control number 2019001414
020 ## - INTERNATIONAL STANDARD BOOK NUMBER
International Standard Book Number 9781138060289 (Hardback)
International Standard Book Number 9781138060296 (Paperback)
040 ## - CATALOGING SOURCE
Original cataloging agency DLC
Language of cataloging Eng
Transcribing agency DLC
Modifying agency DLC
Description conventions rda
050 ## - LIBRARY OF CONGRESS CALL NUMBER
Classification number JC319
Item number .G595 2019
100 ## - MAIN ENTRY--PERSONAL NAME
Personal name Edkins Jenny & Maja Zehfuss
Relator term [Editors]
245 ## - TITLE STATEMENT
Title Global politics :
Remainder of title a new introduction
Statement of responsibility, etc editors
250 ## - EDITION STATEMENT
Edition statement Third Edition.
260 ## - PUBLICATION, DISTRIBUTION, ETC. (IMPRINT)
Place of publication, distribution, etc London ; New York :
Name of publisher, distributor, etc Routledge,Taylor & Francis Group,
Date of publication, distribution, etc 2019.
300 ## - PHYSICAL DESCRIPTION
Extent xxviii, 613 pages :
Other physical details illustrations ;
Dimensions 25 cm
942 ## - ADDED ENTRY ELEMENTS (KOHA)
Source of classification or shelving scheme Library of Congress Classification
Koha item type Long Loan Books
Holdings
Withdrawn status Lost status Source of classification or shelving scheme Damaged status Not for loan Collection code Home library Current library Shelving location Date acquired Total Checkouts Full call number Barcode Checked out Date last seen Date checked out Price effective from Koha item type
    Library of Congress Classification     Non-fiction Rongo University Library Rongo University Library General Stacks 23/09/2022 1 JC319 .G595 2019 20220063 29/03/2023 15/03/2023 15/03/2023 23/09/2022 Long Loan Books
    Library of Congress Classification     Non-fiction Rongo University Library Rongo University Library General Stacks 23/09/2022   JC319 .G595 2019 20220064   23/09/2022   23/09/2022 Long Loan Books

© 2026 Rongo University
Contact us: librarian | system librarian | Rongo university